000 01168cas a2200277 a 4500
005 20171127090338.0
008 950530c19959999cauar1 0 a0eng d
022 0 _a1540-4145
040 _aCAW
_cCAW
_dCLU
_dWAU
_dGUA
_dIUL
_dDLC
_dMYG
041 0 _aeng
044 _axxu
090 _aSE
245 0 0 _aESRI map book.
246 2 3 _aEnvironmental Systems Research Institute map book
260 _aRedlands, CA (EE.UU.) :
_bEnvironmental Systems Research Institute,
_cc1995-
300 _bmapas (algunos a color) ;
_c29 cm.
310 _aa
650 2 6 _aSistemas de información geográfica
_vPublicaciones periódicas
650 2 6 _aGeografía
_xProgramas de ordenador
_vPublicaciones periódicas
650 2 6 _aCartografía
_xProgramas de ordenador
_vPublicaciones periódicas
650 2 6 _aAlmacenamiento de información
_xGeografía
_vPublicaciones periódicas
650 2 6 _aRecuperación de información
_xGeografía
_vPublicaciones periódicas
710 2 _aEnvironmental Systems Research Institute (Redlands, Calif.)
780 0 0 _tARC/INFO map book
_x1540-4013
_w(DLC)sn 94017860
_w(OCoLC)30851329
942 _2z
_cREVISTA
999 _c17271
_d17271